DIFFERENTIAL DIAGNOSIS IN ABDOMINAL ULTRASOUND (Record no. 14319)

MARC details
000 -LEADER
fixed length control field 00294nam a22001337a 4500
003 - CONTROL NUMBER IDENTIFIER
control field SGT
082 ## - DEWEY DECIMAL CLASSIFICATION NUMBER
Classification number 616.0757
Item number D12B
100 ## - MAIN ENTRY--PERSONAL NAME
Personal name BISSET,RAI
245 ## - TITLE STATEMENT
Title DIFFERENTIAL DIAGNOSIS IN ABDOMINAL ULTRASOUND
250 ## - EDITION STATEMENT
Edition statement 4TH
260 ## - PUBLICATION, DISTRIBUTION, ETC. (IMPRINT)
Place of publication, distribution, etc INDIA
Name of publisher, distributor, etc ELSEVIER
Year of Publication 2012
300 ## - PAGE DESCRIPTION
No. of Pages 445
942 ## - ADDED ENTRY ELEMENTS (KOHA)
Source of classification or shelving scheme Dewey Decimal Classification
Koha item type Books
Holdings
Withdrawn status Lost status Source of classification or shelving scheme Damaged status Not for loan Collection code Home library Current library Shelving location Date acquired Vendor Name Cost, normal purchase price SGTU Bill Number Total Checkouts Full call number Accession No. (Barcode) Date last seen Bill Date Koha item type
    Dewey Decimal Classification     MEDICAL SGT Medical Library SGT Medical Library Text Book 27/12/2017 ABC DELHI 1245.00 SGTU 8708   616.0757 D12B FM9231 27/12/2017 02/09/2017 Books
    Dewey Decimal Classification     MEDICAL SGT Medical Library SGT Medical Library Text Book 27/12/2017 ABC DELHI 1245.00 SGTU 8708   616.0757 D12B FM9232 27/12/2017 02/09/2017 Books